20 Most Famous Cities in Tanzania on a Map - Statistics

General Stats
  • This quiz has been taken 68 times
  • The average score is 9 of 21
Answers on the Map
Answers color-coded by a green-red scale on the quiz's map according to % correct below.
 
Answer Stats
Wiki Monthly Views Cityquiz Mention Rate Population Answers % Correct
71.99K 34.55% 5383.73K Dar es Salaam
98%
24.56K 23.29% 765.18K Dodoma
98%
29.86K 20.65% 709.81K Zanzibar
90%
14.67K 4.67% 617.63K Arusha
70%
3.97K 3.93% 1104.52K Mwanza
70%
3.16K 1.92% 541.60K Mbeya
42%
3.87K 1.29% 471.41K Morogoro
40%
5.22K 0.72% 221.73K Moshi
38%
4.84K 1.74% 393.43K Tanga
36%
1.44K 0.89% 140.79K Mtwara
34%
1.84K 0.71% 202.49K Iringa
30%
2.49K 0.90% 221.47K Tabora
30%
1.93K 0.26% 144.94K Bukoba
28%
3.14K 1.16% 232.39K Kigoma
28%
3.48K 0.11% 55.00K Bagamoyo
26%
1.14K 0.45% 95.10K Lindi
26%
1.24K 0.35% 164.17K Musoma
26%
1.12K 0.86% 286.29K Songea
26%
6.68K - 23.42K Mafia/Kilindoni
24%
7.48K - 1.15K Kilwa Kisiwani
20%
1.90K - - Ujiji
18%
No matching quizzes found
Score Distribution
Percent of People with Each Score
Percentile by Number Answered
Your Score History
You have not taken this quiz